00756 2200253 4500001002100000005001700021008004100038020001800079035002400097082001000121090001800131245013600149250001100285260004400296300002300340500002600363650003400389700001100423700001700434850001500451980001500466985000600481999001500487YOGYA-0209000002382720090227023817.0 ind  a979-8006-30-5 0010-020900000023827 a027.7 a027.7bPanlT aPANDUAN penyelenggaraan koleksi perpustakaan perguruan tinggictim penyusun, Mudjito...[et.al.] ; penyunting, Mimi A. Aman, Mudjito aCet. 1 aJakartabPerpustakaan Nasional RIc1992 aiii, 24 hlmc28 cm aBibliografi : hlm. 24 aPerpustakaan perguruan tinggi aMujito aAman, Mimi D aYOPDYOG(B) a03-01-2007 a1 a06A0021684